FLUORIDES IN CARRIES PREVENTION (Record no. 4686)

MARC details
000 -LEADER
fixed length control field 00384nam a2200145Ia 4500
008 - FIXED-LENGTH DATA ELEMENTS--GENERAL INFORMATION
fixed length control field 150201s1999 xx 000 0 und d
082 ## - DEWEY DECIMAL CLASSIFICATION NUMBER
Classification number 617.601
Item number F1999M
100 ## - MAIN ENTRY--PERSONAL NAME
Personal name MURRAY,J.J
245 ## - TITLE STATEMENT
Title FLUORIDES IN CARRIES PREVENTION
250 ## - EDITION STATEMENT
Edition statement 3RD
260 ## - PUBLICATION, DISTRIBUTION, ETC. (IMPRINT)
Name of publisher, distributor, etc. VARGHESE PUBLICATION
Place of publication, distribution, etc. MUMBAI
Date of publication, distribution, etc. 1999
300 ## - PHYSICAL DESCRIPTION
Extent 1-396
650 ## - SUBJECT ADDED ENTRY--TOPICAL TERM
Topical term or geographic name as entry element PREVENTIVE AND COMMUNITY DENTISTRY
942 ## - ADDED ENTRY ELEMENTS (KOHA)
Source of classification or shelving scheme Dewey Decimal Classification
Koha item type Books
Koha issues (borrowed), all copies 1
Holdings
Withdrawn status Lost status Source of classification or shelving scheme Damaged status Not for loan Home library Current library Date acquired Source of acquisition Cost, normal purchase price Serial Enumeration / chronology SGTU Bill Number Total Checkouts Full call number Barcode Date last seen Bill Date Koha item type Date last checked out
    Dewey Decimal Classification     SGT Dental Library SGT Dental Library 11/11/2011 U.B.S.DELHI 995.00 1 SGTU 514   617.601 F1999M FD6551 09/02/2015 08/06/2013 Books  
    Dewey Decimal Classification     SGT Dental Library SGT Dental Library 11/11/2011 U.B.S.DELHI 995.00 1 SGTU 514   617.601 F1999M FD6552 09/02/2015 08/06/2013 Books  
    Dewey Decimal Classification     SGT Dental Library SGT Dental Library 11/11/2011 U.B.S.DELHI 995.00 1 SGTU 514 1 617.601 F1999M FD6553 14/08/2019 08/06/2013 Books 27/07/2019
    Dewey Decimal Classification     SGT Dental Library SGT Dental Library 11/11/2011 U.B.S.DELHI 995.00 1 SGTU 514   617.601 F1999M FD6554 03/05/2017 08/06/2013 Books  
    Dewey Decimal Classification     SGT Dental Library SGT Dental Library 11/11/2011 U.B.S.DELHI 995.00 1 SGTU 514 2 617.601 F1999M FD6555 22/02/2019 08/06/2013 Books 01/02/2019
    Dewey Decimal Classification     SGT Dental Library SGT Dental Library 11/11/2011 U.B.S.DELHI 995.00 1 SGTU 514 5 617.601 F1999M FD6556 13/06/2024 08/06/2013 Books 08/06/2024